Faculty of Law Library — Cairo University

Official Online Catalog

La Convention De Sauvegarde Des Droits De L'Homme Et Des Libertés Fondamentales: (Record no. 72758)

MARC details
000 -LEADER
fixed length control field 01075nam a2200313 i 4500
003 - CONTROL NUMBER IDENTIFIER
control field EG-GICUC
005 - DATE AND TIME OF LATEST TRANSACTION
control field 20260422071222.0
008 - FIXED-LENGTH DATA ELEMENTS--GENERAL INFORMATION
fixed length control field 260422s1973 fr ||||fr|||| 00| 0 fre d
040 ## - CATALOGING SOURCE
Original cataloging agency EG-GiCUC
Language of cataloging fre
Transcribing agency EG-GiCUC
Modifying agency EG-GiCUC
Description conventions Rda
082 04 - DEWEY DECIMAL CLASSIFICATION NUMBER
Edition number 21
Classification number 341.48
Item number PE . C
092 04 - LOCALLY ASSIGNED DEWEY CALL NUMBER (OCLC)
Edition number 21
099 ## - LOCAL FREE-TEXT CALL NUMBER (OCLC)
Classification number Law1 11 341.48 PE . C 1977
100 1# - MAIN ENTRY--PERSONAL NAME
Personal name Petzold,H.
Relator term Auteur
245 ## - TITLE STATEMENT
Title La Convention De Sauvegarde Des Droits De L'Homme Et Des Libertés Fondamentales:
Remainder of title Documents Et Jurisprudence/
Statement of responsibility, etc. H.Petzold.
250 ## - EDITION STATEMENT
Edition statement Deuxième Édition
264 #1 - PRODUCTION, PUBLICATION, DISTRIBUTION, MANUFACTURE, AND COPYRIGHT NOTICE
Place of production, publication, distribution, manufacture France :
Name of producer, publisher, distributor, manufacturer Institut International Des Droits De L'Homme,
Date of production, publication, distribution, manufacture, or copyright notice 1977 .
300 ## - PHYSICAL DESCRIPTION
Extent Multi pages ;
Dimensions 24 cm.
336 ## - CONTENT TYPE
Source rda contenu
Content type term texte
337 ## - MEDIA TYPE
Source rda medias
Media type term Ordinateur
338 ## - CARRIER TYPE
Source transporteur rda
Carrier type term Ressource en ligne
546 ## - LANGUAGE NOTE
Language note Texte en français
650 ## - SUBJECT ADDED ENTRY--TOPICAL TERM
Topical term or geographic name entry element Droit International Public
650 ## - SUBJECT ADDED ENTRY--TOPICAL TERM
Topical term or geographic name entry element Droits De L'Homme
700 1# - ADDED ENTRY--PERSONAL NAME
Personal name Khol.A.
Relator term Auteur
700 1# - ADDED ENTRY--PERSONAL NAME
Personal name Vasak.Karel
Relator term Préfacier
856 40 - ELECTRONIC LOCATION AND ACCESS
Uniform Resource Identifier <a href="https://fll.law.cu.edu.eg/fulltext/bks/B11-09737.pdf">https://fll.law.cu.edu.eg/fulltext/bks/B11-09737.pdf</a>
905 ## - Cataloger and Reviser Names
Cataloger Name: Logain Ashraf
942 ## - ADDED ENTRY ELEMENTS (KOHA)
Source of classification or shelving scheme Dewey Decimal Classification
Suppress in OPAC No
Koha item type Books
Edition 21
Holdings
Withdrawn status Lost status Source of classification or shelving scheme Damaged status Not for loan Collection Home library Current library Date acquired Source of acquisition Total checkouts Full call number Barcode Date last seen Copy number Price effective from Koha item type
    Dewey Decimal Classification   Not for loan القانون الدولي العام جــــامعة القــاهرة مكتبة كلية الحقوق - المبنى الرئيسي 22.04.2026 إهداء مكتبة الأستاذ الدكتور صلاح عامر   Law1 11 341.48 PE . C 1977 1109737 C1 B11-09737 22.04.2026 1 22.04.2026 Books

© All rights reserved — Faculty of Law, Cairo University